[Event "9. Korbacher Open 2017"]
[Site "Korbach"]
[Date "2017.10.20"]
[Round "2"]
[White "Vlaming, Jos"]
[Black "Van der Meiden, Dirk"]
[Result "1/2-1/2"]
[WhiteElo "2136"]
[BlackElo "1958"]
[Annotator "TA"]
[PlyCount "74"]
[EventDate "2017.??.??"]
[EventType "swiss"]
[EventCountry "GER"]
[SourceTitle "playchess.com"]
[Source "ChessBase"]
[SourceQuality "1"]

{[%evp 11,74,-95,-13,-16,-14,-23,-10,-4,-21,-10,14,0,-8,-21,-14,-17,0,-20,13,0,23,31,118,108,110,104,121,110,170,183,178,177,171,172,188,186,177,181,164,134,186,139,215,210,186,186,174,173,199,170,170,132,167,127,101,120,135,127,118,118,118,115,138,67,133]} 1. c4 e5 2. g3 Nf6 3. Bg2 Nc6 4. e4 Bc5 5. Ne2 d6 6. O-O O-O (6... h5 $17 {Hoping for ...h4.} 7. h3 h4) 7. Nbc3 {A20: English Opening: 1...e5} a6 (7... a5 {feels hotter.} 8. d3 Bg4 9. h3 Bh5 10. Be3 Re8) 8. h3 Nd4 (8... Rb8 9. a4 Nb4 10. d3 c6 11. Kh2 d5 12. f4 dxc4 13. fxe5 Ng4+ 14. hxg4 Nxd3 15. Nf4 Nxe5 16. Qxd8 Nxg4+ 17. Kh1 Rxd8 18. a5 Nf2+ 19. Kh2 Ng4+ 20. Kh1 Nf2+ {½-½ (20) Menna Barreto,F (2282)-Souza Neves,A (2210) Sao Paulo 2016}) 9. Nxd4 $146 {The position is equal.} ({Predecessor:} 9. d3 c6 10. Kh2 Ne8 11. f4 exf4 12. gxf4 f5 13. Rb1 Qh4 14. exf5 Bxf5 15. Nxd4 Bxd4 16. Ne4 {½-½ (16) Gutman,P (2164)-Hlavac,R (2136) Rakovnik 2001}) 9... Bxd4 10. Ne2 Bb6 11. d3 Qe7 12. Nc3 c6 13. Kh2 Bd7 14. f4 {[%cal Bf2f4,Bf4f5,Bf5g6][%mdl 32]} Rad8 15. f5 Ba5 16. g4 Bxc3 ({Black should play} 16... h6 $14) 17. bxc3 $16 Ne8 18. g5 f6 19. g6 hxg6 (19... b5 $16) 20. fxg6 $18 {White threatens Qh5 and mate.} f5 21. Qh5 {[%csl Gg6][%cal Rh5h7]} Nf6 22. Bg5 f4 {[#]} 23. Qh7+ $1 {[%mdl 512]} Nxh7 24. Bxe7 Nf6 25. Rab1 (25. Bxf8 $6 Kxf8 26. Rfc1 Ke7 $14) 25... Bc8 (25... b5 $16 26. Bf3 (26. Bxd6 Rfe8 $16) (26. Bxd8 Rxd8 27. Bf3 Kf8 $14) (26. Bxf8 Kxf8 27. Rfe1 Be8 $14) 26... c5) 26. Bf3 ({Don't take} 26. Bxf8 $6 Kxf8 27. Kg1 Ke7 $16) 26... Rfe8 (26... b5 $16 {was called for.} 27. cxb5 (27. Bxf8 Kxf8 28. cxb5 axb5 $16) (27. Bxd8 Rxd8 28. cxb5 cxb5 $16) 27... axb5 28. Bxd8 (28. Bxf8 Kxf8 29. Ra1 Ke7 $16) 28... Rxd8) 27. Bxd8 Rxd8 28. Rg1 Kf8 29. Rg5 Ke7 30. Kg2 Rh8 31. Rh1 Rh4 32. d4 Nxe4 33. Bxe4 Kf6 34. Rg4 $1 {[%cal Rg4h4]} Bxg4 35. hxg4 Rxg4+ 36. Kf2 Rg3 {[#]} 37. dxe5+ (37. Rh8 $1 $16) 37... Kxe5 {Precision: White = 64%, Black = 38%.} (37... dxe5 $14 38. Rh8 Rxc3) 1/2-1/2

[Event "9. Korbacher Open 2017"]
[Site "Korbach"]
[Date "2017.10.20"]
[Round "2"]
[White "Trunz, Elena"]
[Black "Voelz, Stephan"]
[Result "1-0"]
[WhiteElo "2127"]
[BlackElo "1910"]
[Annotator "TA"]
[PlyCount "34"]
[EventDate "2017.??.??"]
[EventType "swiss"]
[EventCountry "GER"]
[SourceTitle "playchess.com"]
[Source "ChessBase"]
[SourceQuality "1"]

{[%evp 1,1,6]} 1. e4 {Predecessor:} e5 $146 2. Nf3 Nc6 3. Bb5 a6 4. Ba4 Nf6 5. O-O b5 6. Bb3 Bc5 7. c3 d6 8. a4 Rb8 9. d4 Bb6 10. a5 Ba7 11. h3 O-O 12. Be3 Ra8 13. Re1 h6 14. Nbd2 Re8 15. g4 Qe7 16. Nf1 Nd8 17. Ng3 c5 {0-1 (35) Caruana,F (2799)-Carlsen,M (2827) Douglas 2017} 1-0

[Event "9. Korbacher Open 2017"]
[Site "Korbach"]
[Date "2017.10.20"]
[Round "2"]
[White "Hansen, Flemming Haupt"]
[Black "Dudink, Bas"]
[Result "1/2-1/2"]
[WhiteElo "2121"]
[BlackElo "1951"]
[Annotator "TA"]
[PlyCount "53"]
[EventDate "2017.??.??"]
[EventType "swiss"]
[EventCountry "GER"]
[SourceTitle "playchess.com"]
[Source "ChessBase"]
[SourceQuality "1"]

{[%evp 12,53,0,0,0,-54,-51,-46,-45,-97,-89,-99,-75,-119,-51,-116,-118,-111,-125,-111,-114,-115,-62,-245,-137,-138,-138,-133,-139,-129,-125,-141,-124,-132,-138,-203,-145,-201,-209,-230,-224,-225,-104,-106]} 1. e4 e5 2. Nf3 Nc6 3. Bc4 Bc5 4. b4 Bxb4 5. c3 Be7 6. d4 Na5 7. Bd3 d6 {C51: Evans Gambit: Declined and Accepted without 5...Ba5} 8. Qa4+ ({White should try} 8. dxe5 $11 dxe5 9. Nxe5) (8. dxe5 dxe5 9. Nxe5 Nf6 10. O-O O-O 11. Qc2 c5 12. Nd2 Qc7 13. Nec4 Nxc4 14. Bxc4 Bd6 15. h3 {0-1 (47) Kryvoruchko,Y (2707)-Karjakin,S (2771) Dubai 2014}) 8... c6 $15 9. O-O Qc7 {Black is slightly better.} 10. dxe5 $146 (10. c4 $15) ({Predecessor:} 10. Ba3 b5 11. Qc2 Be6 12. Nbd2 Rb8 13. Rab1 Nf6 14. c4 bxc4 15. Rxb8+ Qxb8 16. Nxc4 Nxc4 17. Bxc4 Bxc4 18. Qxc4 {1-0 (30) Zelinsky,A (2094)-Buturin,V (2311) Lvov 2011}) 10... dxe5 $17 11. c4 Bg4 12. Bd2 b6 (12... Bxf3 $1 $17 13. Bxa5 b6 14. Bxb6 Qxb6 15. gxf3 Nf6) 13. Bxa5 ({Better is} 13. Nxe5 $1 $15 Bf6 14. f4) 13... bxa5 14. Nxe5 Bf6 15. Nxg4 {[#] aiming for e5!} Bxa1 16. Nd2 Rd8 (16... Nf6 $17 17. Ne3 Bc3) 17. Bc2 $2 (17. Rxa1 $15 Rxd3 18. Qc2) 17... Nf6 ({Black should play} 17... Rxd2 $19 18. Rxa1 Ne7) 18. Nxf6+ Bxf6 19. Nb3 Bc3 20. c5 O-O 21. Qc4 Be5 22. g3 {[#]} Rb8 $1 23. f4 (23. Qa6 $17) 23... Bb2 24. Rb1 (24. Kh1 $17 {might work better.}) 24... Rb4 $19 25. Qe2 Bd4+ 26. Kh1 Bf6 (26... a4 $19 {and Black stays clearly on top.} 27. Nxd4 Rxd4) 27. e5 {Precision: White = 42%, Black = 47%.} 1/2-1/2

[Event "9. Korbacher Open 2017"]
[Site "Korbach"]
[Date "2017.10.20"]
[Round "2"]
[White "Heinemann, Ernst"]
[Black "Shkolnyk, Boris"]
[Result "1-0"]
[WhiteElo "2099"]
[BlackElo "1812"]
[Annotator "NA RC"]
[PlyCount "49"]
[EventDate "2017.??.??"]
[EventType "swiss"]
[EventCountry "GER"]
[SourceTitle "playchess.com"]
[Source "ChessBase"]
[SourceQuality "1"]
[TimeControl "40/5400+30:1800+30"]

{[%evp 8,49,0,-85,-55,-52,32767,32767,-49,-56,0,-239,-21,-41,-21,-170,-118,-179,-81,-90,0,0,0,0,31,32767,84,-15,32767,84,32767,32767,208,204,32767,207,312,313,999,1087,29990,29991,29991,992]} 1. e4 {[%emt 0:00:00]} e6 {[%emt 0:00:18]} 2. d4 {[%emt 0:00:00]} d5 {[%emt 0:00:14]} 3. Nc3 {[%emt 0:00:10]} Nf6 {[%emt 0:00:50]} 4. e5 {[%emt 0:00:12]} Nfd7 $1 {[%emt 0:00:07] LiveBook: 7906 Games} 5. Qg4 {[%emt 0:00:42]} (5. f4 $11 {keeps the balance.}) 5... c5 $1 {[%emt 0:00:57] C11: French: Classical System: 4 e5 and 4 Bg5 dxe4} 6. dxc5 {[%emt 0:00:06]} (6. Nb5 cxd4 7. Nf3 Nc6 8. Bf4 Qa5+ 9. Bd2 Qb6 10. Nd6+ Bxd6 11. Qxg7 Bxe5 12. Nxe5 Rf8 13. Nd3 e5 14. Be2 e4 15. O-O Ne7 16. Ne5 Nf5 17. Nxd7 Bxd7 {½-½ (17) Ivanisevic,I (2645)-Sedlak,N (2593) Vrnjacka Banja 2012}) 6... Nxe5 {[%emt 0:02:17]} 7. Qg3 {[%emt 0:00:43]} Nbc6 {[%emt 0:06:18]} 8. Nb5 {[%emt 0:09:59]} Bxc5 {[%emt 0:17:48]} 9. Qxg7 $2 {[%emt 0:04:53] [#]} ({Only move:} 9. Bf4 $1 $15 a6 10. Bxe5 Nxe5 11. Qxe5 axb5 12. Qxg7) 9... Rf8 $2 $146 {[%emt 0:16:04]} (9... Ng6 $1 $19 10. Qh6 a6) ({Predecessor:} 9... Kd7 10. Nf3 Nxf3+ 11. gxf3 Qf8 12. Qg3 a6 13. Nc3 {1-0 (54) Lejarre,L (2369)-Aubry,Y (2069) Rennes 2012}) 10. Bf4 {[%emt 0:05:49]} a6 {[%emt 0:01:17]} ({Much worse is} 10... Qh4 $6 11. Nh3 $16) 11. Nc3 {[%emt 0:04:52] [#]} (11. Bxe5 $15 axb5 12. Bf6) 11... Ng6 $1 {[%emt 0:02:43]} ({Viel schwächer wäre} 11... Qh4 $6 12. g3 $11) 12. Bd2 {[%emt 0:03:37]} (12. Be3 $17 Bxe3 13. fxe3) 12... Bd4 {[%emt 0:04:29]} (12... h5 $142 13. Nf3 Be7) 13. Qh6 {[%emt 0:00:54]} Qh4 {[%emt 0:02:44]} (13... Qb6 $15 14. Nd1 Nce5) 14. Qxh4 {[%emt 0:01:35]} Nxh4 {[%emt 0:00:12]} 15. g3 {[%emt 0:02:14]} Ng6 {[%emt 0:00:21]} 16. Nge2 {[%emt 0:02:11]} Nge5 {[%emt 0:04:40]} (16... Ba7 $11 {remains equal.}) 17. Bg2 {[%emt 0:00:56]} (17. Nxd4 $16 Nxd4 18. O-O-O) 17... Nc4 {[%emt 0:02:11]} 18. Nxd4 {[%emt 0:02:54]} Nxd4 {[%emt 0:00:17]} 19. O-O-O {[%emt 0:00:18]} Nc6 {[%emt 0:01:14]} (19... Nxd2 $16 {was necessary.} 20. Rxd2 Nc6) 20. Bh6 {[%emt 0:01:38]} Rg8 {[%emt 0:05:48]} 21. Rhe1 {[%emt 0:04:21]} Ne7 {[%emt 0:03:39] [#]} (21... N4e5 $142 22. Bd2 Kf8 23. Bh6+ Ke8) 22. Bxd5 $1 {[%emt 0:03:27]} exd5 $2 {[%emt 0:01:20]} (22... Rg6 23. Bf4 (23. Bxc4 Rxh6 24. Ne4 b5 $18) 23... exd5) 23. Nxd5 {[%emt 0:00:15]} Bd7 {[%emt 0:03:44]} 24. Nf6+ {[%emt 0:00:27]} Kd8 {[%emt 0:00:15]} 25. Rxd7+ $18 {[%emt 0:00:18]} 1-0

[Event "9. Korbacher Open 2017"]
[Site "Korbach"]
[Date "2017.10.20"]
[Round "2"]
[White "Hoekstra, Peter"]
[Black "Held, Martin"]
[Result "1/2-1/2"]
[WhiteElo "2074"]
[BlackElo "1821"]
[Annotator "NA RC"]
[PlyCount "81"]
[EventDate "2017.??.??"]
[EventType "swiss"]
[EventCountry "GER"]
[SourceTitle "playchess.com"]
[Source "ChessBase"]
[SourceQuality "1"]
[TimeControl "40/5400+30:1800+30"]

{[%evp 8,82,0,-26,-7,-6,0,-33,1,32767,2,0,0,0,0,15,18,-45,-16,-31,-27,-35,11,-116,-99,-128,-114,-108,-105,-125,-141,-109,-126,-130,-93,-95,32767,-112,32767,-131,-130,-141,0,-162,0,32767,32767,-1187,-1367,-1240,-129,-245,-186,-59,0,0,0,0,0,0,0,0,0,0,0,0,0,95,0,0,-82,-11,0,-39,0,0,-108]} 1. e4 {[%emt 0:01:01]} e5 {[%emt 0:00:15]} 2. Nf3 {[%emt 0:00:05]} Nc6 {[%emt 0:00:06]} 3. d4 {[%emt 0:00:05]} exd4 {[%emt 0:00:11]} 4. Bc4 {[%emt 0:00:08]} Nf6 {[%emt 0:00:38]} 5. e5 {[%emt 0:00:09]} d5 {[%emt 0:00:19]} 6. Bb5 {[%emt 0:00:06]} Ne4 {[%emt 0:00:09]} 7. Nxd4 {[%emt 0:00:06]} Bc5 {[%emt 0:00:15]} 8. Be3 {[%emt 0:00:24]} O-O {[%emt 0:00:26]} 9. Nxc6 {[%emt 0:01:31]} bxc6 {[%emt 0:03:16]} 10. Bxc5 {[%emt 0:00:07]} Nxc5 {[%emt 0:00:24]} 11. Bxc6 {[%emt 0:00:05]} Rb8 {[%emt 0:00:45] LiveBook: 26 Games C56: Two Knights: 4 d4 exd4 5 0-0 Nxe4} 12. Nc3 {[%emt 0:04:43]} (12. Qxd5 $14 Qe7 13. O-O) (12. O-O Rxb2 13. Qxd5 Qxd5 14. Bxd5 Rxc2 15. Na3 Re2 16. Rac1 Nd3 17. Rxc7 Be6 18. Bb3 a5 19. Ra7 Bxb3 20. axb3 Rxe5 {1-0 (31) Nakamura,H (2798)-Onischuk,A (2665) Saint Louis 2015}) 12... d4 {[%emt 0:02:41]} 13. Nd5 {[%emt 0:08:26]} Ne6 {[%emt 0:02:09]} 14. O-O {[%emt 0:01:29]} Ba6 $146 {[%emt 0:10:00]} ({Predecessor:} 14... Bb7 15. Nb4 Qg5 16. Bxb7 Rxb7 17. Nd3 Qe7 18. f4 Nc5 19. b3 {1-0 (29) Tkachuk,S (2218)-Schiffers,S (2008) Duesseldorf 2011}) 15. Re1 {[%emt 0:04:45]} (15. b3 $1 $11 {remains equal.}) 15... Bc4 {[%emt 0:02:26]} ({But not} 15... Rxb2 $6 16. Qc1 $11) 16. Qf3 {[%emt 0:04:23] [#]} Ng5 $1 {[%emt 0:09:12]} 17. Qf5 {[%emt 0:05:58]} Bxd5 {[%emt 0:03:19]} 18. Bxd5 {[%emt 0:00:05]} Qxd5 {[%emt 0:00:58]} 19. Qxg5 {[%emt 0:00:05]} Rxb2 {[%emt 0:00:26]} 20. Qd2 {[%emt 0:08:00]} Rfb8 {[%emt 0:08:23]} 21. a4 {[%emt 0:00:56]} Qc4 {[%emt 0:14:09]} 22. Rec1 {[%emt 0:03:44]} c5 {[%emt 0:05:14]} 23. f4 {[%emt 0:01:19]} Qd5 {[%emt 0:02:34]} (23... h6 $17 24. g3 Qd5) 24. Rd1 {[%emt 0:04:45]} Qc4 {[%emt 0:01:47]} (24... h6 $17 25. Rac1 Qc4) 25. Rdc1 {[%emt 0:00:10]} Qd5 {[%emt 0:05:21]} 26. Rd1 {[%emt 0:01:22]} a5 {[%emt 0:08:04]} 27. Qxa5 $2 {[%emt 0:01:47]} (27. Rac1 $17) 27... Rxc2 {[%emt 0:00:57]} 28. Rd2 {[%emt 0:02:39]} Ra8 $2 {[%emt 0:05:25]} (28... d3 $19 29. Rad1 Ra8 30. Qxa8+ Qxa8) 29. Qxa8+ {[%emt 0:03:01]} Qxa8 {[%emt 0:00:05]} 30. Rxc2 {[%emt 0:00:04] [#]} Qa5 $2 {[%emt 0:02:31]} (30... d3 $1 $19 {[%cal Rd3c2]} 31. Rcc1 Qa5) 31. Rac1 {[%emt 0:00:12]} Qxa4 {[%emt 0:00:59]} 32. Rxc5 {[%emt 0:00:14]} g6 {[%emt 0:00:31]} 33. e6 {[%emt 0:09:58]} fxe6 {[%emt 0:02:22]} 34. Rc8+ {[%emt 0:00:14]} Kg7 {[%emt 0:03:45]} 35. R1c7+ {[%emt 0:03:58]} Kh6 {[%emt 0:00:09]} 36. Rh8 {[%emt 0:00:17]} g5 {[%emt 0:04:44]} 37. Rhxh7+ {[%emt 0:06:18]} Kg6 {[%emt 0:00:06]} 38. Rcf7 {[%emt 0:02:04]} Qd1+ {[%emt 0:01:53]} (38... Qa1+ $11 39. Kf2 Qb2+ 40. Kf3 Qc3+ 41. Kg4 d3) 39. Kf2 {[%emt 0:00:06]} Qd2+ {[%emt 0:00:21]} 40. Kf1 {[%emt 0:00:07]} Qd3+ (40... gxf4 $5 41. Rhg7+ $8 Kh6 $11) 41. Kf2 1/2-1/2

[Event "9. Korbacher Open 2017"]
[Site "Korbach"]
[Date "2017.10.20"]
[Round "2"]
[White "Rutz, Matthias"]
[Black "Forgach, Andreas"]
[Result "1-0"]
[WhiteElo "2046"]
[BlackElo "1851"]
[Annotator "NA RC"]
[PlyCount "83"]
[EventDate "2017.??.??"]
[EventType "swiss"]
[EventCountry "GER"]
[SourceTitle "playchess.com"]
[Source "ChessBase"]
[SourceQuality "1"]
[TimeControl "40/5400+30:1800+30"]

{[%evp 9,83,-7,0,2,-3,-7,6,0,28,11,0,11,0,4,16,-18,-19,-22,-14,-20,-14,32767,32767,32767,0,0,5,9,39,39,72,51,174,0,28,10,101,90,82,62,104,34,98,78,120,105,132,98,131,117,124,98,102,102,125,127,132,127,254,283,291,289,297,301,389,399,491,443,499,479,528,462,437,506,496,546]} 1. d4 {[%emt 0:00:00]} Nf6 {[%emt 0:00:42]} 2. c3 {[%emt 0:00:27]} g6 {[%emt 0:01:32]} 3. Nf3 {[%emt 0:00:09]} Bg7 {[%emt 0:00:24]} 4. Bf4 {[%emt 0:00:36]} d6 {[%emt 0:01:18]} 5. h3 {[%emt 0:00:47]} Nbd7 {[%emt 0:03:36]} 6. e3 {[%emt 0:01:57]} O-O {[%emt 0:01:07]} 7. Be2 {[%emt 0:00:41]} Qe8 {[%emt 0:04:39]} 8. O-O {[%emt 0:01:11]} e5 {[%emt 0:00:58]} 9. Bh2 {[%emt 0:00:12] LiveBook: 43 Games} b6 {[%emt 0:09:23] A48: 1 d4 Nf6 2 Nf3 g6: Torre, London and Colle Systems} (9... Qe7 10. Na3 e4 11. Nd2 Re8 12. Nac4 Nf8 13. a4 h5 14. f4 Nd5 15. g4 hxg4 16. hxg4 f5 17. g5 Be6 {0-1 (30) Sattarov,B (2389)-Atabayev,S (2436) Tashkent 2017}) 10. a4 {[%emt 0:04:03]} a5 {[%emt 0:11:15]} 11. Na3 {[%emt 0:03:02]} Bb7 {[%emt 0:01:03]} 12. Nc4 {[%emt 0:10:25]} e4 {[%emt 0:05:49]} 13. Nfd2 {[%emt 0:03:36]} Nd5 {[%emt 0:02:26]} 14. Na3 $146 {[%emt 0:03:43]} ({Predecessor:} 14. Kh1 f5 15. f4 exf3 16. Bxf3 N7f6 17. Bxd6 cxd6 18. Nxd6 {1-0 (31) Enkhtuul,A (2230)-Gazik,I (2311) Banska Stiavnica 2016}) 14... f5 {[%emt 0:04:36]} 15. Re1 {[%emt 0:11:38]} Kh8 {[%emt 0:01:54]} 16. Bf1 {[%emt 0:04:36]} g5 {[%emt 0:16:37]} 17. Nb5 {[%emt 0:04:24]} Bc6 {[%emt 0:07:29]} 18. Rc1 {[%emt 0:11:12]} Bxb5 {[%emt 0:03:58]} 19. Bxb5 {[%emt 0:01:16]} Rd8 {[%emt 0:04:17]} 20. Qb3 {[%emt 0:09:10]} N5f6 {[%emt 0:03:34]} ({Black should play} 20... Qf7 $14) 21. Qd1 $2 {[%emt 0:05:42]} (21. Qc4 $18) 21... Qg6 {[%emt 0:01:36]} 22. b4 {[%emt 0:04:56]} Nb8 {[%emt 0:01:32]} (22... g4 $11) 23. bxa5 {[%emt 0:00:48]} bxa5 {[%emt 0:00:02]} 24. Nb3 {[%emt 0:02:00]} g4 {[%emt 0:04:19]} 25. h4 {[%emt 0:03:48]} c6 {[%emt 0:02:25]} 26. Be2 {[%emt 0:00:46]} Qh5 {[%emt 0:02:04]} 27. Bg3 {[%emt 0:01:29]} Bh6 {[%emt 0:00:51]} 28. c4 {[%emt 0:03:12]} Rg8 {[%emt 0:02:48]} ({Black should try} 28... Qf7 $14) 29. Qd2 {[%emt 0:00:28]} Qg6 {[%emt 0:00:31]} 30. Nxa5 {[%emt 0:00:38]} Nh5 {[%emt 0:00:20]} 31. Rb1 {[%emt 0:01:40]} Qf6 {[%emt 0:01:05]} 32. d5 {[%emt 0:01:59]} f4 {[%emt 0:00:54]} 33. exf4 {[%emt 0:00:25]} Nxf4 {[%emt 0:00:44]} (33... Bxf4 $16 {keeps fighting.} 34. Bxf4 Nxf4) 34. Qb2 {[%emt 0:00:38]} Qxb2 {[%emt 0:00:28]} 35. Rxb2 {[%emt 0:00:11]} cxd5 {[%emt 0:00:15]} 36. cxd5 {[%emt 0:00:17]} Nxe2+ {[%emt 0:00:18]} 37. Rexe2 {[%emt 0:00:53]} Na6 {[%emt 0:00:59]} 38. Nb7 {[%emt 0:00:56]} Rd7 {[%emt 0:00:23]} 39. Nxd6 {[%emt 0:01:32]} Nc5 {[%emt 0:00:50]} 40. Nf5 {[%emt 0:02:59]} Bg7 {[%emt 0:01:02]} 41. Nxg7 Kxg7 42. d6 $18 1-0

[Event "9. Korbacher Open 2017"]
[Site "Korbach"]
[Date "2017.10.20"]
[Round "2"]
[White "Dijkhuis, Oele"]
[Black "Timar-Geng, Zoltan"]
[Result "1-0"]
[WhiteElo "2035"]
[BlackElo "1859"]
[Annotator "NA RC"]
[PlyCount "95"]
[EventDate "2017.??.??"]
[EventType "swiss"]
[EventCountry "GER"]
[SourceTitle "playchess.com"]
[Source "ChessBase"]
[SourceQuality "1"]
[TimeControl "40/5400+30:1800+30"]

{[%evp 8,95,17,3,0,-6,10,0,0,-10,30,20,37,35,48,28,35,32,31,27,20,33,29,27,39,36,35,26,47,45,45,39,72,42,61,70,62,61,93,72,105,122,32767,32767,32767,32767,156,169,167,171,179,170,181,197,177,189,165,147,139,129,204,250,383,225,362,440,461,401,431,452,463,495,562,523,558,495,690,812,1423,2156,29989,29990,29992,29993,29994,29995,29995,29996,29996,29997]} 1. e4 {[%emt 0:00:00]} e5 {[%emt 0:00:10]} 2. Nf3 {[%emt 0:00:00]} Nc6 {[%emt 0:00:06]} 3. Bc4 {[%emt 0:00:00]} Bc5 {[%emt 0:00:07]} 4. c3 {[%emt 0:00:02]} Nf6 {[%emt 0:00:20]} 5. d4 {[%emt 0:00:33]} exd4 {[%emt 0:00:14]} 6. e5 {[%emt 0:00:06]} d5 {[%emt 0:02:21]} 7. Bb5 {[%emt 0:00:09]} Ne4 {[%emt 0:02:31]} 8. cxd4 {[%emt 0:00:08]} Bb4+ {[%emt 0:02:06]} 9. Bd2 {[%emt 0:00:56]} Nxd2 {[%emt 0:09:21]} 10. Nbxd2 {[%emt 0:00:13]} Bd7 {[%emt 0:01:46] C54: Giuoco Piano: 4 c3 Nf6, main lines with 5 d4 and 5 d3} 11. O-O {[%emt 0:00:54]} O-O {[%emt 0:00:48] LiveBook: 6 Games} 12. a3 {[%emt 0:02:14]} Ba5 {[%emt 0:00:55]} 13. Nb3 {[%emt 0:02:48]} Bb6 {[%emt 0:00:34] [#]} 14. Bxc6 $146 {[%emt 0:01:30]} ({Predecessor:} 14. Re1 Ne7 15. Bd3 Ng6 16. Qd2 Bg4 17. Ng5 h6 18. Nxf7 Kxf7 {1-0 (50) Popov,I (2541)-Nyback,T (2644) Budva 2009}) 14... Bxc6 {[%emt 0:03:31]} 15. Nc5 {[%emt 0:01:55]} Re8 {[%emt 0:09:43]} 16. Re1 {[%emt 0:04:09]} Rb8 {[%emt 0:02:17]} 17. Qc2 {[%emt 0:04:49]} h6 {[%emt 0:01:58]} 18. e6 {[%emt 0:04:22]} fxe6 {[%emt 0:00:28]} 19. Ne5 {[%emt 0:00:17]} Bxc5 {[%emt 0:04:05]} 20. Qxc5 {[%emt 0:03:56]} Qe7 {[%emt 0:00:28]} 21. Rac1 {[%emt 0:01:37]} Qxc5 {[%emt 0:02:36]} 22. Rxc5 {[%emt 0:00:12]} Re7 {[%emt 0:01:28]} 23. Rec1 {[%emt 0:00:48]} g5 {[%emt 0:05:14]} 24. b4 {[%emt 0:02:35]} Rc8 {[%emt 0:07:44]} 25. Nxc6 {[%emt 0:04:10]} bxc6 {[%emt 0:00:05]} 26. Rxc6 {[%emt 0:03:11]} Kg7 {[%emt 0:01:08]} 27. f3 {[%emt 0:04:38]} h5 {[%emt 0:01:38]} 28. a4 {[%emt 0:04:17]} Kf6 {[%emt 0:01:18]} 29. Kf2 {[%emt 0:03:02]} Kf5 {[%emt 0:00:11]} 30. b5 {[%emt 0:01:19]} g4 {[%emt 0:02:41]} 31. Re1 {[%emt 0:00:45]} e5 {[%emt 0:05:54]} 32. fxg4+ {[%emt 0:01:25]} hxg4 {[%emt 0:00:08]} 33. Kg3 {[%emt 0:01:20]} Rg8 {[%emt 0:04:28]} 34. dxe5 {[%emt 0:01:29]} Rgg7 $2 {[%emt 0:08:05]} (34... Rge8 35. e6 Rd8) 35. Rf6+ {[%emt 0:00:56]} Kg5 {[%emt 0:00:10]} 36. Rf4 {[%emt 0:00:55]} Kh5 {[%emt 0:04:57]} 37. Rd4 {[%emt 0:01:30]} Rg5 {[%emt 0:02:20]} 38. Rxd5 {[%emt 0:00:45]} Kg6 {[%emt 0:00:19]} 39. Rc5 {[%emt 0:01:25]} Rd7 {[%emt 0:01:37]} 40. Rc6+ {[%emt 0:03:12]} Kh5 {[%emt 0:32:47]} 41. Ra6 {[%emt 0:32:21]} Rf5 {[%emt 0:00:52]} 42. Re3 {[%emt 0:00:46]} Rd2 {[%emt 0:00:19]} 43. e6 {[%emt 0:00:52]} Rff2 {[%emt 0:06:21]} 44. Re5+ {[%emt 0:01:17]} Kh6 {[%emt 0:00:05]} 45. e7+ {[%emt 0:00:15]} Kh7 {[%emt 0:00:10]} 46. e8=Q {[%emt 0:00:43]} Rxg2+ {[%emt 0:00:41]} 47. Kf4 {[%emt 0:00:19]} Rgf2+ {[%emt 0:01:10]} 48. Ke4 (48. Kg5) 1-0

[Event "9. Korbacher Open 2017"]
[Site "Korbach"]
[Date "2017.10.20"]
[Round "2"]
[White "Van Randtwijk, Mick"]
[Black "Bayer, Martin"]
[Result "1-0"]
[WhiteElo "2028"]
[BlackElo "1732"]
[Annotator "NA RC"]
[PlyCount "55"]
[EventDate "2017.??.??"]
[EventType "swiss"]
[EventCountry "GER"]
[SourceTitle "playchess.com"]
[Source "ChessBase"]
[SourceQuality "1"]
[TimeControl "40/5400+30:1800+30"]

{[%evp 8,55,15,21,20,21,17,13,18,4,22,8,32767,1,34,-5,4,3,0,0,-2,-13,-1,0,37,29,45,9,101,92,145,133,129,135,232,124,189,32767,32767,32767,32767,322,325,318,623,615,724,767,1063,371]} 1. e4 {[%emt 0:00:00]} e5 {[%emt 0:08:12]} 2. Nf3 {[%emt 0:00:00]} Nc6 {[%emt 0:00:12]} 3. Bb5 {[%emt 0:00:32]} a6 {[%emt 0:00:04]} 4. Ba4 {[%emt 0:00:14]} Nf6 {[%emt 0:00:04]} 5. d3 {[%emt 0:00:12]} b5 {[%emt 0:00:32]} 6. Bb3 {[%emt 0:00:06]} Be7 {[%emt 0:00:04]} 7. O-O {[%emt 0:00:40]} d6 {[%emt 0:00:10]} 8. a3 {[%emt 0:00:19] C84: Closed Ruy Lopez: Unusual White 6th moves} Na5 {[%emt 0:00:20]} (8... O-O 9. Nc3 Bg4 10. Be3 Nd4 11. Bxd4 exd4 12. Nd5 Nxd5 13. Bxd5 Rc8 14. Bc6 Bf6 15. a4 Bd7 16. Bxd7 Qxd7 17. Qd2 Qc6 18. b3 {1-0 (64) Vachier Lagrave,M (2804)-Aronian,L (2799) Tbilisi 2017}) 9. Ba2 {[%emt 0:00:14]} c5 {[%emt 0:00:05]} 10. Nc3 {[%emt 0:01:08]} O-O {[%emt 0:00:38] LiveBook: 37 Games} 11. Nd5 {[%emt 0:01:12]} Nxd5 {[%emt 0:01:21]} 12. Bxd5 {[%emt 0:00:19]} Bb7 {[%emt 0:00:08]} 13. Bxb7 {[%emt 0:03:31]} Nxb7 {[%emt 0:00:06]} 14. Bd2 $146 {[%emt 0:05:13]} ({Predecessor:} 14. c3 f5 15. Re1 Na5 16. exf5 Rxf5 {½-½ (29) Ubed Garcia Cuenca,P (1888)-Sotnikov,T Madrid 2006}) 14... Rc8 {[%emt 0:00:50]} 15. a4 {[%emt 0:01:40]} c4 {[%emt 0:08:37]} 16. axb5 {[%emt 0:02:19]} axb5 {[%emt 0:00:27]} 17. d4 {[%emt 0:02:38]} exd4 {[%emt 0:05:53]} (17... Re8 $11) 18. Nxd4 {[%emt 0:00:34]} Qb6 {[%emt 0:01:24]} ({Black should play} 18... Bf6 19. Nxb5 Qe8) 19. Nf5 {[%emt 0:04:56]} Bf6 {[%emt 0:04:43]} 20. Bc3 {[%emt 0:00:27]} d5 {[%emt 0:03:58]} (20... Qd8 $16 {keeps fighting.} 21. Ra7 Rb8 22. Bxf6 Qxf6) 21. exd5 {[%emt 0:13:06]} (21. Qg4 $18 Rce8 {[#]} 22. e5 $1 {[%mdl 512]} (22. Nxg7 Rxe4 23. Nh5+ Rxg4 $16) (22. exd5 Bxc3 23. bxc3 g6 $16) 22... Rxe5 23. Bxe5 Bxe5 24. Rfd1) 21... Ra8 {[%emt 0:09:16]} (21... b4 $16) 22. Qf3 {[%emt 0:05:28]} Rxa1 {[%emt 0:10:28]} 23. Rxa1 {[%emt 0:00:09]} b4 {[%emt 0:00:38] [#]} 24. Nh6+ $1 {[%emt 0:06:08]} Kh8 {[%emt 0:07:39]} 25. Bxf6 {[%emt 0:00:15]} gxf6 $2 {[%emt 0:03:57] [#]} (25... Qxf6 26. Nxf7+ Rxf7) 26. d6 $1 {[%emt 0:10:14]} Qxd6 {[%emt 0:02:36]} 27. Qxb7 {[%emt 0:00:10]} Qf4 {[%emt 0:00:17]} 28. Qxb4 $18 {[%emt 0:00:51]} (28. Nxf7+ $142 Kg8 29. g3) 1-0